00360 2200145 4500001002100000005001500021035002000036245007000056300000800126260003600134082000800170084001200178990001200190990001200202INLIS00000000000261920250605024330 a0010-0625000205 aDimata Pribadi Manusai Hatta : Jejak Orang Besar /cYus Sudarsono a112 aJakarta :bYayasan Hatta,c2002 a500 a500 DIM a0320319 a0320320